Books Without Buildings Quiz Stats

 Plays Quiz Updated Aug 13, 2015

Challenge
Share
Tweet
Embed
Score 0/25 Timer 04:00
1 Play Today
% Correct
Factory
99.2%
Casino
97%
Cabin
92.9%
Slaughterhouse
90.2%
Court
89.5%
School
83%
Shop
74.2%
House
74%
Dome
73.1%
Abbey
70.2%
Tower
65.8%
Flat
60.3%
Prison
60%
% Correct
Tollbooth
58.5%
Fortress
57.1%
Lighthouse
56.5%
Castle
54.2%
Restaurant
53.2%
Inn
52.8%
Hall
52%
Mill
48.7%
Vicarage
47.8%
Academy
46.7%
Library
46.4%
Temple
42.3%

You're not logged in!

Compare scores with friends on all Sporcle quizzes.
OR
Log In

You Might Also Like...

Show Comments

Extras

Top Quizzes Today


Score Distribution

Your Account Isn't Verified!

In order to create a playlist on Sporcle, you need to verify the email address you used during registration. Go to your Sporcle Settings to finish the process.

Report this User

Report this user for behavior that violates our Community Guidelines.

Details: